| 000 | 03011nam a2200253Ia 4500 | ||
|---|---|---|---|
| 003 | Ost | ||
| 005 | 20260507075318.0 | ||
| 008 | 260507s9999||||xx |||||||||||||| ||und|| | ||
| 020 | _a9775673356 | ||
| 040 | _cfsecg | ||
| 041 | _aara | ||
| 082 | _a350 | ||
| 100 |
_aالطعامنة، محمد محمود _eمؤلف |
||
| 245 | 0 |
_aالحكومة الالكترونية و تطبيقاتها في الوطن العربي / _c محمد محمود الطعامنة |
|
| 260 |
_aالقاهرة: _bمنشورات المنظمة العربية للتنمية الادارية, _c2004 |
||
| 300 |
_a202 صفحة؛ _bإيضاحات ؛ _c24 سم |
||
| 520 | _aالفصل الأول : الحكومة الإلأكترونية : المفهوم والخصائص : مفهوم الإدارة الإلكترونية : مفهوم الحكومة الإلكترونية : مجالات الحكومة الإلكترونية-الفصل الثاني : معمارية شبكات الحكومية الإلكترونية : عناصر الشبكات الإلكترونية : تركيب الشبكات الإلكترونية-الفصل الثالث : الحكومة الإلكترونية وتنقية المعلومات : جاهزية تقنية المعلومات في استشراف مستقبل واعد للحكومة الإلكترونية : فارة كمبيوتر للمكفوفين-الفصل الرابع : الاتصالات الإلكترونية : متضمناتها : مفهوم الاتصال الإلكترونية : المنافع التي تنشدها نظم الاتصالات الإلكترونية-الفصل الخامس : منظومات الاتصال الحديثة : نظم الاتصالات عن بعد : تطور شبكة الإنترنت واستخداماتها : تطور شبكة الإنترنت : شبكة الإنترنت-الفصل السادس : المنظمة الرقمية : مفهومها وخصائصها : مفهوم المنظمة الرقمية : خصائص الاحكومة الإلكترونية في إطار المنظمة الرقمية : المنظمة الافتراضية-الفصل السابع : الحكومة الإلكترونية والتجارة الإلكترونية : العلاقة المنطقية بين الحكومة الإلكترونية والتجارة الإلكترونية : مراحل تنفيذ المعاملات الحكومية والتجارية-الفصل الثامن : تطبيقات عربية في الحكومة الإلكترونية : الحكومة الإلكترونية وتكوين ثقافة المجتمع العربي : بعض مواقع الحكومات الإلأكترونية العربية : متضمناتها ووظائفها | ||
| 653 | _aالادارة | ||
| 653 | _aالاداره العامه--البلاد العربيه | ||
| 653 | _aالحكومات- الوطن العربي | ||
| 653 | _aالحكومات- تكنولوجيا | ||
| 700 |
_aالعلوش، طارق شريف _eمؤلف ثانوي |
||
| 942 | _cكتاب | ||
| 999 |
_c43908 _d43908 |
||